Randomized Title in the Lyrics Quiz - Green Day - Statistics

General Stats
  • This quiz has been taken 1,258 times
  • The average score is 8 of 20
Answer Stats
Answer % Correct
I wanna be the {minority} / I don't need your authority
89%
One, {21} {guns} / Lay down your arms, give up the fight
89%
Do you {know} {your} {enemy}? / Well, gotta know the enemy, ah-eh!
86%
I beg to dream and differ from the hollow lies / This is the dawning of the rest of our lives / On {holiday}!
86%
No time to search the world around / 'Cause you know where I'll be found / {When} {I} {come} {around}
85%
Summer has come and passed / The innocent can never last / {Wake} {me} {up} {when} {September} {ends}
85%
I walk this empty street / On the {Boulevard} {of} {Broken} {Dreams}
83%
Don't wanna be an {American} {idiot} / Don't want a nation under the new media
81%
Someone {kill} {the} {DJ} (Shoot the fucking DJ)
81%
I'm the son of rage and love / The {Jesus} {of} {Suburbia}
78%
I remember the face but i can't recall the name / Now i wonder how {Whatsername} has been
78%
Tell me that I won't feel a thing / So {give} {me} {Novacaine}
77%
{She}'{s} {a} {rebel} / She's a saint
76%
I've been {waiting} a long time / For this moment to come
73%
Oh, baby, baby, it's {fuck} {time} / You know I really wanna make you mine
70%
{Bang} {Bang}! Gimme fame! / Shoot me up to entertain
68%
I'm just a {grouch} sitting on the couch / The world owes me, so fuck you
68%
She's an {extraordinary} {girl} / In an ordinary world / And she can't seem to get away
68%
You know I will obey / So please don't make me beg / For {blood}, {sex}, {and} {booze} you give me
68%
{St}. {Jimmy}'s comin' down across the alleyway
66%
Today's the {Macy}'{s} {Day} {Parade} / The night of the living dead is on its way / With a credit report for duty call
65%
Gloria! / ¡{Viva} {la} {Gloria}! / You blast your name in graffiti on the walls
65%
Now I cannot speak, I've lost my voice / I'm speechless and {redundant}
64%
Troubled times / You know I cannot lie / I'm off the wagon, and I'm {hitchin}' {a} {ride}
63%
I wanna take you through a wasteland I like to call my home / {Welcome} {to} {paradise}
63%
{She}, {she} screams in silence / A sullen riot penetrating through her mind
63%
Desperate, but not hopeless / I feel so useless in the {murder} {city}
62%
Standing on the corner of {Stuart} {and} {the} {Ave.} / Ripping up a transfer and a photograph of you
62%
I was alone / I was {all} {by} {myself} / No one was looking / I was thinking of you
61%
Seventeen, and {coming} {clean} for the first time
59%
Take away the strains of being lonely / Take me to the tracks at {Christie} {Road}
59%
I can't see a thing in the video / I can't hear a sound on the radio / In stereo in {the} {static} {age}
56%
If i promise go to {church} {on} {sunday} / Will you go with me on friday night?
56%
{Carpe} {Diem}, a battle cry / Are we all too young to die?
54%
{Nice} {guys} {finish} {last} / You're running out of gas / Your sympathy will get you left behind
54%
Sing us a {song} {of} {the} {century} / That's louder than bombs and eternity
54%
I lost my way, oh baby, this {stray} {heart} / Went to another, can you recover, baby?
53%
Well, I've got some {scattered} pictures lying on my bedroom floor
53%
Life {before} {the} {lobotomy} / Christian sang the eulogy
52%
Rip it up on retribution / Turn it up sideways / Ready, aim, fire, {fire}, {ready}, {aim}
52%
I hold my breath and close my eyes and dream about her / 'Cause she's {2000} {light} {years} {away}
50%
I wanna {stab} {you} {in} {the} {heart} / I wanna {stab} {you} {in} {the} {heart} / Right in the bloody, bloody heart, ooh
50%
Taking a ride to my old haunts / She's in my blood, I reside in my {nightlife}
50%
{Haushinka} is a girl with a peculiar name / I met her on the eve of my birthday
49%
She is one of a kind / well she's the {last} {of} {the} {American} {girls}
49%
I don't think I like what I see / so I hope I won't be there {in} {the} {end} if you come around
48%
I wanna crack your cranium delirium on the lower east side of your mind / Wanna be a {troublemaker}
48%
Like a Chinese drama and conspiracy / It's the death of a {nuclear} {family} staring up at you
48%
{Ashley}! Are you running around? / Are you crying out in bloody murder?
45%
{I} {was} {a} {teenage} {teenager} / Full of piss and vinegar
45%
{Revolution} {Radio} / Operation no control / And the headline / My love's bullet proof
45%
{Oh} {love}, {oh} {love} / Won't you rain on me tonight?
44%
So stand aside and let the next one pass / Don't let the door kick you in the ass / There's no return from {86}
44%
So when the smoke clears, here I am / Your {reject} all-American
44%
Hey, {X}-{Kid}, bombs away / Here goes nothin', the shouting's over and out
43%
I'm {rotting} inside, my flesh turns to dust / Whisper, "Are you dying?" in my ear
43%
{Say} {goodbye} to the ones that we love / {Say} {goodbye} to the ones we love
43%
Sing us the song of the century / It sings like {American} {eulogy}
43%
A circumstance that doesn't make much sense / Or maybe I'm just dumb / I'm a {chump}
42%
And that's all that I've got / And I'm picking scabs off my face, say! / {Geek}! {Stink}! {Breath}!
42%
I wanna be your {dominated} {love} {slave} / I wanna be the one who takes the pain
42%
Looking for a cause / Well all I got was Santa Claus / I'm hanging on a dream that's {too} {dumb} {to} {die}
42%
Oh, {deadbeat} {holiday} / Celebrate your own decay
41%
You will always be my {sweet} {16}
41%
God rest your fucking soul / 'Cause baby, {baby} {eyes}
38%
I'm an {outsider} / Outside of anything
38%
Well, we're so crazy, you've all gone insane / A {loss} {of} {control}
38%
Where can I find the city of shining light / In an {ordinary} {world}?
38%
Will I see it again? / So I can {rest} my head
38%
The Texas {Chain} {saw} Massacre / Took my baby away from me
37%
Well, people try to put us down / Talkin' bout {my} {generation}
36%
I have no belief / But I believe I'm a {walking} {contradiction}
35%
It started when she ran away / Thumbs out on the interstate / She hitched a ride to {misery}
35%
She, she's my {wild} {one} / My heart is in panic, her eyes look so manic, now
35%
So don't think twice / We live in {troubled} {times}
33%
{Warning}: Live without {warning}
33%
You're {Angel} {Blue} with teenage traces / {Angel} {Blue} with pretty faces
33%
'Cause I know that you're the {best} {thing} {in} {town} / Best thing around
32%
Come {meet} {me} {on} {the} {roof} tonight, girl / Oh-ooh-oh-oh
32%
His star is brightly shining / Like a neon light / It's your {favorite} {son}
32%
{I} {want} {to} {be} {on} {TV} / Want people to know me / {I} {want} {to} {be} {on} {TV}
32%
{All} {the} {time}, every time I need it / What's the time? I said the time is right
31%
And I don't give a fuck anyway / {Let} {yourself} {go}, {let} {yourself} {go}, {let} {yourself} {go}
31%
Call the {peacemaker}, hey hey, hey hey hey hey hey / I'm gonna send you back to the place where it all began
31%
{Amy}, don't you go / I want you around
30%
A special kind of feeling / Guess my best excuse, I'm {on} {the} {wagon} again
29%
Dance forever under the lights, this {brutal} {love}
29%
{Ha} {ha}, {you}'{re} {dead}, and I'm so happy / In loving memory of your demise
29%
I wanna {rock} {and} {roll} {all} {nite} / And party every day
29%
{Sex}, {drugs}, {and} {violence} / English, math, and science
29%
Sleeping in reverse, and everybody's {bouncing} {off} {the} {wall}
29%
There's fire in my veins and it's pouring out like a flood / Whoa-oh, {Christian}'{s} {inferno}
29%
Well I know I'm not the one / I got {no} {pride}
29%
Am I here or am I there / Or am I playing on the stairs / Am I in my room with my toys / I am the {disappearing} {boy}
28%
The {worry} {rock} has turned to dust, fallen on our pride
28%
Almost only really counts in {horseshoes} {and} {handgrenades}
27%
{King} {for} {a} {day}, princess by dawn / {King} {for} {a} {day} in the leather thong
27%
She is my {drama} {queen} / She is so wet and reckless
27%
{Uptight}, I'm a nag with a gun, yeah / All night, suicide's last call
27%
Where in the world's {the} {forgotten}? / They're lost inside your memory
27%
{Youngblood}, {youngblood}, {youngblood} / She's my little {youngblood}
27%
I lock myself inside my room / {I} {want} {to} {be} {alone}
26%
I must admit that I am enjoying myself / {80}, please keep taking me away
26%
Say you'll {stay} {the} {night}, 'cause we're running out of time
26%
Then I woke up as a nervous wreck and I {fell} {for} {you}
26%
Where I'm a {castaway} (Going at it alone) / {Castaway} (Now I'm on my own)
26%
{21st} {century} {breakdown} / I once was lost, but never was found
25%
Sometimes, I should just keep my mouth shut / Or only say hello / Sometimes, I still feel I'm {walking} {alone}
25%
{Take} {back} | {Take} {back} | Take... / The taste of bad blood on the tip of my tongue
25%
Well, it's not too late / Oh, it's really not worth the fight / No one's right / Well, it's time to {walk} {away}
25%
But when you think of me / Do you fill your head with schemes? / Better think again, 'cause {no} {one} {knows}
24%
Can I borrow some of your {black} {eyeliner} / To make my eyes look just like yours?
24%
It's a {makeout} {party} on another dimension
24%
Nothing's left to cling onto / Got to {hold} {on} / {hold} {on} to yourself
24%
Everybody got a scar / Ain't it funny how we're running out of hope? / Yeah, {oh} {yeah}, {oh} {yeah}
23%
So kiss it goodbye until death do we part / You fell for a {jinx} for crying out loud
23%
When the story's stretched and so far fetched / That you're lacking an excuse, {you} {lied}
23%
You, {you} {irritate} {me} / Like a tick on a dog's dick gnawing at my veins
23%
As my imagination runs away / On this {8th} {Avenue} {serenade}
22%
The key to unlock all the love that's trapped in me / So tell me {when} {it}'{s} {time} to say I love you
22%
Well, I met a girl named {Lady} {Cobra} / Her black heart beats crimson and clover
21%
And all I wanna do is get real high / Well, it's just {one} {of} {my} {lies}
20%
'Cause I'm {still} {breathing} / 'Cause I'm {still} {breathing} on my own
20%
Darkness falls on {Graffitia} / Death of a town in the afterglow
20%
I'm {missing} {you} / I'm {missing} {you} / You're not around and I'm a complete disaster
20%
I'm so tired, tired of waiting / {Tired} {of} {waiting} {for} {you}
20%
The first time I caught / A glimpse of you / Then all my thoughts / Were {only} {of} {you}
18%
Well I, I just want to {see} {the} {light} / And I, I don't want to lose my sight
18%
Your clothes look different, but you're still the same / Why else would you come here? / {Scumbag} on a mission
18%
Big plans and leaving friends and a {westbound} {sign}
17%
I'm running late to {somewhere} {now} / That I don't want to be
17%
{Shoplifter}, you'll never learn / When you commit the crime
17%
So come away, with me tonight / With {cigarettes} {and} {valentines} / {Cigarettes} {and} {valentines}
16%
Someone shot the president / And no one knows where {Maria} went! / {Maria}!
16%
{Back} {in} {the} {USA} / For a small town serenade / With fireworks on display
15%
{Here} {comes} {the} {shock} x4 / We got the numbers, baby, gonna rumble in the streets
15%
I look into the past and I want to make it last / {I} {was} {there}, {I} {was} {there}
15%
Oh, so softly, hands flowing down my back / {1,000} {hours}, I'll never leave
15%
Why can't you just admit it? / You've had it, you're {sick} {of} {me}
15%
A {working}-{class} {hero} is something to be
14%
{Stop} {when} {the} {red} {lights} {flash} (Whoo-ooh-ooh) / I'll trade you blood for dirty cash
14%
Was it bad enough to be too late? / Just tell me the {words} {I} {might} {have} {ate}
14%
You've been feeling bad for so long, you wonder if it's right or wrong / {Why} {do} {you} {want} {him}?
14%
It's {99} {revolutions} tonight / {99} {revolutions} tonight
13%
{Lights} {out}, here comes the night / As the darkness falls over the light
13%
And I knew it from the first kiss / Tonight, {hearts} {collide}
11%
'Cause I'm {a} {little} {boy} {named} {Train} / Ask me again, I'll tell you the same
11%
{Outlaws}, when we were forever young / When we were {outlaws} / We're {outlaws} of redemption, baby
11%
This is the wildlife / I'm gonna take a dive / {Take} {the} {money} {and} {crawl}
11%
{Too} {much} {too} {soon} / Too little and now you're coming unglued
11%
Bumming a ride, burning daylight / Last up at dawn, {Tight} {Wad} {Hill}
10%
Drop like flies and empathize / And I know that I will someday / And I know that I will {suffocate}
10%
Give it to me now / I'm {desensitized} / I wanna watch a bomb / Blow the masses high
9%
And now, I wanna sit here all my life alone / This may sound a little rough / {Don}'{t} {wanna} {fall} {in} {love}
8%
{Junkies} {on} {a} {high} / Get back, lay down, go low
8%
{Amanda}, don't you know that I still walk around
7%
He takes away her innocence / {Sweet} {children} x4 / Remember when?
7%
There's a {place} {inside} {my} {head} / Where I like to wallow in my misery 'til I can't swim at all
6%
Say a prayer for lost souls, {Xmas} {time} {of} {the} {year}
5%
I feel my mind is going insane, something I can't fight / {Don}'{t} {leave} {me} / {Don}'{t} {leave} {me}
3%
I'll have a cup of tea / And tell you of my {dreaming}
3%
Maybe I'll {see} {you} {tonight} / Maybe I'll {see} {you} {tonight}
3%
{Alison}, I know this world is killing you / Oh, oh-oh, {Alison}, my aim is true
0%
No matching quizzes found
Score Distribution
Percent of People with Each Score
Percentile by Number Answered
Your Score History
You have not taken this quiz